[Event "North American op 33rd"]
[Site "Las Vegas"]
[Date "2023.12.28"]
[Round "5"]
[White "Chiku Ratte, Olivier Kenta"]
[Black "Perrine, Dalton"]
[Result "1-0"]
[WhiteElo "2323"]
[BlackElo "2184"]
[PlyCount "59"]
[EventDate "2023.12.26"]
[EventType "swiss"]
[EventRounds "9"]
[EventCountry "USA"]
[SourceTitle "CB01_2024"]
[SourceDate "2024.01.03"]
[SourceVersion "1"]
[SourceVersionDate "2024.01.03"]
[SourceQuality "1"]

1. d4 d5 2. c4 e6 3. Nf3 Nf6 4. Nc3 Nbd7 5. cxd5 exd5 6. Bf4 Bb4 7. e3 c5 8. Bd3 Qa5 9. 0-0 c4 10. Bc2 0-0 11. Ne2 Re8 12. a3 Bf8 13. Nc3 a6 14. Ne5 Qd8 15. Qf3 Nb6 16. g4 Be6 17. g5 Nfd7 18. Qg3 Nxe5 19. Bxe5 Qd7 20. f3 Nc8 21. Qh4 g6 22. e4 Ne7 23. Rad1 Bg7 24. Bf6 Bh3 25. Rfe1 dxe4 26. Nxe4 Bf5 27. Bxg7 Bxe4 28. Rxe4 Kxg7 29. Qh6+ Kg8 30. Rh4 1-0

[Event "Toronto Annex op"]
[Site "Toronto"]
[Date "2023.09.02"]
[Round "1"]
[White "Chiku Ratte, Olivier Kenta"]
[Black "Moon, Ethan"]
[Result "1-0"]
[WhiteElo "2316"]
[BlackElo "1858"]
[PlyCount "67"]
[EventDate "2023.09.02"]
[EventType "swiss"]
[EventRounds "6"]
[EventCountry "CAN"]
[SourceTitle "EXT 2024"]
[Source "ChessBase"]
[SourceDate "2023.10.10"]
[SourceVersion "1"]
[SourceVersionDate "2023.10.10"]
[SourceQuality "1"]

1. d4 d5 2. c4 e6 3. Nf3 c6 4. Qc2 Nf6 5. g3 Nbd7 6. Bg2 Be7 7. 0-0 0-0 8. Nbd2 Re8 9. e4 dxe4 10. Nxe4 Nxe4 11. Qxe4 Nf6 12. Qe2 Qb6 13. c5 Qd8 14. Rd1 Nd5 15. Ne5 Bf8 16. Be4 Qe7 17. h4 f5 18. Bg2 Qc7 19. Nc4 Bd7 20. Qe5 Qxe5 21. Nxe5 Nf6 22. b4 a6 23. Nc4 Rad8 24. Bf4 Bc8 25. Be5 Nd5 26. Bxd5 exd5 27. Nb6 Re6 28. f4 Be7 29. a4 Bd7 30. Bc7 Be8 31. Re1 Re4 32. Rxe4 dxe4 33. Bxd8 Bxd8 34. Nc4 1-0

[Event "Quebec op"]
[Site "Montreal"]
[Date "2023.08.03"]
[Round "7"]
[White "Chiku Ratte, Olivier Kenta"]
[Black "Perez Rodriguez, Luis Manuel"]
[Result "1/2-1/2"]
[WhiteElo "2318"]
[BlackElo "2328"]
[PlyCount "179"]
[EventDate "2023.07.29"]
[EventType "swiss"]
[EventRounds "9"]
[EventCountry "CAN"]
[SourceTitle "CBM 215 Extra"]
[Source "ChessBase"]
[SourceDate "2023.09.30"]
[SourceVersion "1"]
[SourceVersionDate "2023.09.30"]
[SourceQuality "1"]

1. d4 d5 2. c4 c6 3. Nf3 Nf6 4. Qb3 dxc4 5. Qxc4 Bf5 6. g3 e6 7. Bg2 Be7 8. 0-0 0-0 9. Nc3 Nbd7 10. Re1 b5 11. Qb3 b4 12. Na4 Be4 13. Rd1 Qa5 14. Nd2 Bxg2 15. Kxg2 Qb5 16. Nc4 Rac8 17. Bf4 c5 18. dxc5 Nxc5 19. Nxc5 Rxc5 20. Rd4 Rfc8 21. Bd6 Rxc4 22. Rxc4 Rxc4 23. Bxe7 Nd5 24. Bg5 h6 25. Be3 Re4 26. Bxa7 Qb7 27. Qf3 Rxe2 28. Kg1 Rxb2 29. Bd4 Rd2 30. Be3 Rc2 31. Bd4 Qc6 32. h4 Qc4 33. Be5 Rxa2 34. Rxa2 Qxa2 35. Qg4 g6 36. Qd1 Qc4 37. h5 Qe4 38. Qa1 Kh7 39. Bh8 Nc3 40. Bxc3 bxc3 41. hxg6+ Kxg6 42. Qxc3 h5 43. Qh8 Qf3 44. Qg8+ Kf6 45. Qd8+ Kf5 46. Qe7 Kg6 47. Qd8 Kg7 48. Qg5+ Kh7 49. Qe7 Qf5 50. Kg2 Kg7 51. Kg1 Qf6 52. Qb4 Qe5 53. Qh4 Kg6 54. Qd8 Qf6 55. Qg8+ Kh6 56. Qf8+ Kg6 57. Qg8+ Qg7 58. Qd8 Kh7 59. Qh4 Qg4 60. Qf6 Kg8 61. Kh2 Qg6 62. Qd8+ Kg7 63. Kg1 Qb1+ 64. Kh2 Qf5 65. Kg1 e5 66. Qh4 Kg6 67. Qd8 Qf6 68. Qg8+ Kh6 69. Qe8 Kh7 70. Qc8 Qf3 71. Qd8 Qf5 72. Qe7 Kg7 73. Qd6 e4 74. Qd4+ Kh7 75. Qd8 Kg7 76. Qe7 Kh7 77. Qd8 Qf3 78. Qe7 Qf5 79. Qd8 Qe5 80. Qf8 Qe6 81. Qd8 f6 82. Qc7+ Kg6 83. Qf4 Qf5 84. Qb8 Qd5 85. Qe8+ Kg5 86. Qe7 Qf5 87. Qg7+ Qg6 88. Qe7 Kh6 89. Qb4 Kg7 90. Qd4 1/2-1/2

[Event "Quebec op"]
[Site "Montreal"]
[Date "2023.08.02"]
[Round "6"]
[White "Chiku Ratte, Olivier Kenta"]
[Black "Libersan, Thierry"]
[Result "1-0"]
[WhiteElo "2318"]
[BlackElo "1920"]
[PlyCount "95"]
[EventDate "2023.07.29"]
[EventType "swiss"]
[EventRounds "9"]
[EventCountry "CAN"]
[SourceTitle "CBM 215 Extra"]
[Source "ChessBase"]
[SourceDate "2023.09.30"]
[SourceVersion "1"]
[SourceVersionDate "2023.09.30"]
[SourceQuality "1"]

1. d4 Nf6 2. c4 e6 3. Nf3 d5 4. g3 Be7 5. Bg2 0-0 6. 0-0 b6 7. cxd5 exd5 8. Nc3 Bb7 9. Bf4 a6 10. Rc1 Nbd7 11. Nh4 c5 12. Nf5 Re8 13. Bd6 Bf8 14. Bxf8 Nxf8 15. dxc5 bxc5 16. Ne3 d4 17. Bxb7 Rb8 18. Bxa6 dxe3 19. Qxd8 exf2+ 20. Rxf2 Rexd8 21. Na4 Ne6 22. Bc4 Ne4 23. Rf5 Nd4 24. Rd5 Nd2 25. Rxc5 Nxc4 26. R1xc4 Nxe2+ 27. Kf2 Nd4 28. Re5 Ne6 29. b3 Ra8 30. Rc2 g6 31. Kg2 Kg7 32. Nc5 Nd4 33. Rd2 Nc6 34. Ree2 Rxd2 35. Rxd2 Nb4 36. a4 Rc8 37. Ne4 Rb8 38. Rd7 Nc6 39. Nc5 Na5 40. Rd3 Rb4 41. Rc3 h5 42. h4 Kh6 43. Rf3 Kg7 44. Rf4 Rb6 45. b4 Nc6 46. b5 Ne5 47. Rb4 Ng4 48. a5 1-0

[Event "Quebec op"]
[Site "Montreal"]
[Date "2023.08.01"]
[Round "5"]
[White "Batorshyn, Ilia"]
[Black "Chiku Ratte, Olivier Kenta"]
[Result "1/2-1/2"]
[WhiteElo "2014"]
[BlackElo "2318"]
[PlyCount "133"]
[EventDate "2023.07.29"]
[EventType "swiss"]
[EventRounds "9"]
[EventCountry "CAN"]
[SourceTitle "CBM 215 Extra"]
[Source "ChessBase"]
[SourceDate "2023.09.30"]
[SourceVersion "1"]
[SourceVersionDate "2023.09.30"]
[SourceQuality "1"]

1. b3 c5 2. Bb2 Nc6 3. Nf3 d6 4. d4 cxd4 5. Nxd4 Nf6 6. Nxc6 bxc6 7. g3 Qa5+ 8. Qd2 Qxd2+ 9. Nxd2 d5 10. Bg2 e6 11. 0-0 Bb4 12. Rfd1 0-0 13. Rac1 a5 14. a3 Bxd2 15. Rxd2 a4 16. Bxf6 gxf6 17. b4 Ba6 18. e4 Rac8 19. Bf1 Bxf1 20. Kxf1 f5 21. exf5 e5 22. f6 Rfe8 23. c4 d4 24. Re1 c5 25. bxc5 h5 26. f4 Rxc5 27. Rxe5 Rexe5 28. fxe5 Rxc4 29. Ke2 Kh7 30. Kd3 Rc3+ 31. Kxd4 Rxa3 32. Rf2 Kg8 33. Rb2 Rf3 34. Ke4 Rb3 35. Rc2 Rb8 36. Ra2 Ra8 37. Ra3 Ra5 38. Kf5 Kh7 39. h3 Kh6 40. g4 h4 41. g5+ Kh7 42. Rd3 Ra7 43. Rd4 a3 44. Rxh4+ Kg8 45. g6 fxg6+ 46. Kxg6 a2 47. f7+ Rxf7 48. Ra4 Rg7+ 49. Kf6 Rf7+ 50. Ke6 Rf2 51. Kd7 Kf7 52. e6+ Kf6 53. e7 Rd2+ 54. Ke8 Re2 55. Ra6+ Re6 56. Rxe6+ Kxe6 57. Kf8 a1Q 58. e8Q+ Kf6 59. Qe7+ Kg6 60. Qf7+ Kh6 61. Qf4+ Kg6 62. Qg4+ Kh6 63. Qe6+ Kh5 64. Kf7 Qa7+ 65. Kf6 Qf2+ 66. Kg7 Qa7+ 67. Qf7+ 1/2-1/2

[Event "Francophonie-ch 9th"]
[Site "Yamoussoukro"]
[Date "2023.07.12"]
[Round "9"]
[White "Filali, Razzouki Marouan"]
[Black "Chiku Ratte, Olivier Kenta"]
[Result "1/2-1/2"]
[WhiteElo "2214"]
[BlackElo "2318"]
[PlyCount "52"]
[EventDate "2023.07.02"]
[EventType "swiss"]
[EventRounds "9"]
[EventCountry "IVO"]
[SourceTitle "CBM 215 Extra"]
[Source "ChessBase"]
[SourceDate "2023.09.30"]
[SourceVersion "1"]
[SourceVersionDate "2023.09.30"]
[SourceQuality "1"]

1. e4 e5 2. Nf3 Nc6 3. Bc4 Nf6 4. d3 Bc5 5. Nc3 d6 6. h3 a6 7. a3 h6 8. Qe2 Be6 9. Ba2 Qd7 10. Be3 Bxa2 11. Nxa2 Bxe3 12. fxe3 d5 13. exd5 Nxd5 14. Nd2 0-0 15. g4 f5 16. gxf5 Rxf5 17. 0-0-0 Raf8 18. Rh2 Qf7 19. c4 Nf6 20. Nc3 b5 21. Rg1 Kh7 22. Rhg2 Rg8 23. cxb5 axb5 24. Nxb5 Qh5 25. Nc3 Qxe2 26. Rxe2 Rd8 1/2-1/2

[Event "Francophonie-ch 9th"]
[Site "Yamoussoukro"]
[Date "2023.07.11"]
[Round "8"]
[White "Chiku Ratte, Olivier Kenta"]
[Black "Sambuev, Bator"]
[Result "0-1"]
[WhiteElo "2318"]
[BlackElo "2457"]
[PlyCount "78"]
[EventDate "2023.07.02"]
[EventType "swiss"]
[EventRounds "9"]
[EventCountry "IVO"]
[SourceTitle "CBM 215 Extra"]
[Source "ChessBase"]
[SourceDate "2023.09.30"]
[SourceVersion "1"]
[SourceVersionDate "2023.09.30"]
[SourceQuality "1"]

1. d4 Nf6 2. c4 e6 3. Nf3 d5 4. e3 Be7 5. Bd3 0-0 6. 0-0 b6 7. Nc3 Bb7 8. cxd5 exd5 9. b3 Nbd7 10. Bb2 Re8 11. Rc1 a6 12. Ne2 Bd6 13. Nf4 Ne4 14. Be2 Rc8 15. Nd3 c5 16. Nfe5 cxd4 17. exd4 f6 18. Nxd7 Qxd7 19. Bg4 Rxc1 20. Bxd7 Rxd1 21. Rxd1 Re7 22. Bg4 a5 23. f3 Ng5 24. Bc1 Ne6 25. Bxe6+ Rxe6 26. Bf4 Ba3 27. Bc1 Bf8 28. Nf4 Re8 29. Bd2 g5 30. Nh5 Kf7 31. Ng3 Kg6 32. Kf2 Ba3 33. Bc1 Bd6 34. h4 gxh4 35. Ne2 Ba6 36. Nf4+ Kf5 37. Nxd5 Bg3+ 38. Kg1 Be2 39. Rd2 Bc4 0-1

[Event "Francophonie-ch 9th"]
[Site "Yamoussoukro"]
[Date "2023.07.04"]
[Round "4"]
[White "Rodrigue Lemieux, Shawn"]
[Black "Chiku Ratte, Olivier Kenta"]
[Result "0-1"]
[WhiteElo "2495"]
[BlackElo "2318"]
[PlyCount "74"]
[EventDate "2023.07.02"]
[EventType "swiss"]
[EventRounds "9"]
[EventCountry "IVO"]
[SourceTitle "CBM 215 Extra"]
[Source "ChessBase"]
[SourceDate "2023.09.30"]
[SourceVersion "1"]
[SourceVersionDate "2023.09.30"]
[SourceQuality "1"]

1. e4 c5 2. Nf3 e6 3. d4 cxd4 4. Nxd4 Nc6 5. Bf4 d6 6. Nxc6 bxc6 7. c4 Rb8 8. Qc2 Nf6 9. Nc3 e5 10. Be3 Ng4 11. Bxa7 Rb7 12. h3 Rxa7 13. hxg4 Bxg4 14. Be2 Be6 15. Rd1 Qb6 16. 0-0 Be7 17. b3 h5 18. Na4 Qb4 19. Rd3 g6 20. Rfd1 0-0 21. c5 d5 22. exd5 cxd5 23. Rxd5 Bxd5 24. Rxd5 Rd8 25. Bf3 Rxd5 26. Bxd5 Kg7 27. c6 Qe1+ 28. Kh2 Bd6 29. g3 h4 30. gxh4 Qf1 31. Be4 f5 32. Nc5 fxe4 33. Ne6+ Kh7 34. Ng5+ Kh8 35. Nxe4 Rf7 36. Ng5 e4+ 37. f4 exf3# 0-1

[Event "Francophonie-ch 9th"]
[Site "Yamoussoukro"]
[Date "2023.07.02"]
[Round "1"]
[White "Chiku Ratte, Olivier Kenta"]
[Black "Nomenjanahary, Fanilo"]
[Result "1-0"]
[WhiteElo "2318"]
[BlackElo "1590"]
[PlyCount "45"]
[EventDate "2023.07.02"]
[EventType "swiss"]
[EventRounds "9"]
[EventCountry "IVO"]
[SourceTitle "CBM 215 Extra"]
[Source "ChessBase"]
[SourceDate "2023.09.30"]
[SourceVersion "1"]
[SourceVersionDate "2023.09.30"]
[SourceQuality "1"]

1. a3 g6 2. Nf3 Bg7 3. e4 d6 4. d4 Nf6 5. Nc3 0-0 6. h3 e5 7. d5 c6 8. Bg5 h6 9. Be3 Kh8 10. Qd2 Ng8 11. dxc6 f5 12. 0-0-0 Nxc6 13. Qxd6 Qa5 14. Rd5 Qd8 15. Qxg6 Qe7 16. Bc5 Rf6 17. Qh5 Qc7 18. Nb5 Qa5 19. b4 Qa4 20. Kb2 Nce7 21. Rd8 fxe4 22. Bxe7 Re6 23. Qe8 1-0

[Event "Foxwoods op 15th"]
[Site "Ledyard"]
[Date "2023.04.08"]
[Round "7"]
[White "Zhou, Jianchao"]
[Black "Chiku Ratte, Olivier Kenta"]
[Result "1-0"]
[WhiteElo "2555"]
[BlackElo "2311"]
[PlyCount "69"]
[EventDate "2023.04.05"]
[EventType "swiss"]
[EventRounds "9"]
[EventCountry "USA"]
[SourceTitle "CBM 213 Extra"]
[Source "ChessBase"]
[SourceDate "2023.05.31"]
[SourceVersion "1"]
[SourceVersionDate "2023.05.31"]
[SourceQuality "1"]

1. Nf3 Nf6 2. c4 c6 3. Nc3 d5 4. e3 e6 5. b3 Bd6 6. Bb2 0-0 7. Be2 Nbd7 8. Qc2 Qe7 9. Rg1 e5 10. g4 dxc4 11. bxc4 Nc5 12. g5 Nfd7 13. h4 Re8 14. h5 Nf8 15. 0-0-0 e4 16. Nd4 Be5 17. f3 Bxd4 18. exd4 Nd3+ 19. Bxd3 exd3 20. Qxd3 b5 21. d5 bxc4 22. Qd4 c5 23. Qxc4 Bf5 24. Nb5 Nd7 25. d6 Qe2 26. Qxe2 Rxe2 27. Rde1 Rf2 28. Re3 c4 29. Rge1 Rf8 30. Bd4 Rg2 31. h6 gxh6 32. gxh6 a6 33. Nc7 c3 34. Bxc3 Nc5 35. Nd5 1-0

[Event "Foxwoods op 15th"]
[Site "Ledyard"]
[Date "2023.04.06"]
[Round "3"]
[White "Chiku Ratte, Olivier Kenta"]
[Black "Fus, Jakub"]
[Result "1/2-1/2"]
[WhiteElo "2311"]
[BlackElo "2417"]
[PlyCount "74"]
[EventDate "2023.04.05"]
[EventType "swiss"]
[EventRounds "9"]
[EventCountry "USA"]
[SourceTitle "CBM 213 Extra"]
[Source "ChessBase"]
[SourceDate "2023.05.31"]
[SourceVersion "1"]
[SourceVersionDate "2023.05.31"]
[SourceQuality "1"]

1. c4 e5 2. Nc3 Nf6 3. g3 Bc5 4. Bg2 0-0 5. e3 c6 6. d4 exd4 7. exd4 Bb4 8. Nge2 d5 9. cxd5 Nxd5 10. 0-0 Be6 11. a3 Ba5 12. Ne4 Nd7 13. Bg5 Qb8 14. Nf4 Re8 15. Nxe6 Rxe6 16. b4 Bb6 17. Nc5 Bxc5 18. Bxd5 cxd5 19. dxc5 Qe5 20. Qd2 Qf5 21. Qf4 Qh3 22. Qf3 h6 23. Be3 Re4 24. Qg2 Qf5 25. Bf4 a5 26. Bd6 axb4 27. axb4 Rxa1 28. Rxa1 Ne5 29. Bxe5 Qxe5 30. Ra8+ Kh7 31. Qf3 Qe6 32. Qd3 g6 33. Rd8 Rxb4 34. Qxd5 Qxd5 35. Rxd5 Kg7 36. Rd7 Rc4 37. Rxb7 Rxc5 1/2-1/2

[Event "Charlotte CCCSA Spring IM-C"]
[Site "Charlotte"]
[Date "2023.03.19"]
[Round "9"]
[White "Amburgy, Ryan"]
[Black "Chiku Ratte, Olivier Kenta"]
[Result "1/2-1/2"]
[WhiteElo "2242"]
[BlackElo "2301"]
[PlyCount "286"]
[EventDate "2023.03.15"]
[EventType "tourn"]
[EventRounds "9"]
[EventCountry "USA"]
[SourceTitle "CBM 213 Extra"]
[Source "ChessBase"]
[SourceDate "2023.05.31"]
[SourceVersion "1"]
[SourceVersionDate "2023.05.31"]
[SourceQuality "1"]

1. d4 d5 2. c4 c6 3. Nf3 Nf6 4. Nc3 e6 5. g3 Be7 6. Bg2 0-0 7. 0-0 b6 8. Nd2 Ba6 9. b3 b5 10. Bb2 Nbd7 11. Qc2 bxc4 12. bxc4 Rb8 13. Rab1 Nb6 14. c5 Nc4 15. Nxc4 Bxc4 16. Rfe1 Qa5 17. Bf1 Qa6 18. e3 e5 19. Bxc4 Qxc4 20. Qe2 Qxe2 21. Nxe2 e4 22. Bc3 Nd7 23. Ba5 Rxb1 24. Rxb1 Rb8 25. Rxb8+ Nxb8 26. Kf1 f5 27. h4 Kf7 28. a3 g6 29. Nc1 h6 30. Ke2 Ke6 31. Nb3 g5 32. hxg5 hxg5 33. Kd2 Kd7 34. Ke2 Kc8 35. Be1 Nd7 36. Na5 Kc7 37. Bd2 Nf6 38. Kf1 Nh5 39. Kg2 Ng7 40. g4 Kd7 41. Kh3 Bd8 42. gxf5 Nxf5 43. Kg4 Nh4 44. Nb3 Nf3 45. Bc3 Nh2+ 46. Kh3 Bc7 47. Nd2 g4+ 48. Kg2 Nf3 49. Nb3 Nh4+ 50. Kf1 Nf5 51. Ke2 Bd8 52. Bd2 Bf6 53. Bc3 Kc7 54. Bb4 Bg5 55. Bd2 Nh4 56. Bc3 Ng6 57. Bb4 Ne7 58. Ba5+ Kc8 59. a4 Nf5 60. Bd2 Bd8 61. Ba5 Bh4 62. Bd2 Nh6 63. Bc3 Nf7 64. Bd2 Ng5 65. Bc3 Nf3 66. Kf1 Bd8 67. Ke2 Kb7 68. Ba5 Bh4 69. Bc3 Ng5 70. Na5+ Kc7 71. Nb3 Ne6 72. Bb4 Bg5 73. Bc3 Ng7 74. Bb4 Nf5 75. Bd2 g3 76. fxg3 Nxg3+ 77. Ke1 Bh4 78. Kd1 Nf1 79. Ke2 Nxd2 80. Nxd2 Kb7 81. Nb3 Ka6 82. Kf1 Bd8 83. Ke2 Ba5 84. Kd1 Bb4 85. Ke2 Kb7 86. Kd1 Kc8 87. Nc1 Kd7 88. Ne2 Ke6 89. Ng3 Ba5 90. Ke2 Bc7 91. Nf1 Kf5 92. Nd2 Kg4 93. Nb3 Kg3 94. Nc1 Ba5 95. Nb3 Bb4 96. Nc1 Bc3 97. Na2 Ba5 98. Nc1 Kg2 99. Na2 Kg1 100. Nc1 Bb4 101. Na2 Ba3 102. Nc3 Kg2 103. Na2 Kg3 104. Nc3 Bb4 105. Na2 Ba5 106. Nc1 Kg4 107. Nb3 Bb4 108. Nc1 Kf5 109. Nb3 Ke6 110. Kd1 Kd7 111. Ke2 Kc7 112. Kd1 Kb7 113. Ke2 Ka6 114. Kd1 Ba5 115. Ke2 Bd8 116. Kd2 Bh4 117. Ke2 Bg3 118. Kf1 Bh4 119. Ke2 Bg3 120. Kf1 Bb8 121. Kf2 Bc7 122. Ke2 Kb7 123. Kd2 a6 124. Ke2 Bg3 125. Nd2 Bc7 126. Nb3 Kc8 127. Kd2 Kd7 128. Ke2 Ke6 129. Nc1 Ba5 130. Nb3 Bb4 131. Nc1 Bc3 132. Na2 Ba5 133. Nc1 Kf5 134. Nb3 Bc3 135. Nc1 Bb2 136. Nb3 Bc3 137. Nc1 Kg4 138. Na2 Ba5 139. Nc1 Kg3 140. Nb3 Bc3 141. Nc1 Bb2 142. Nb3 Bc3 143. Nc1 Kg4 1/2-1/2

[Event "Charlotte CCCSA Spring IM-C"]
[Site "Charlotte"]
[Date "2023.03.19"]
[Round "8"]
[White "Chiku Ratte, Olivier Kenta"]
[Black "Georgiev, Vladimir"]
[Result "1/2-1/2"]
[WhiteElo "2301"]
[BlackElo "2404"]
[PlyCount "50"]
[EventDate "2023.03.15"]
[EventType "tourn"]
[EventRounds "9"]
[EventCountry "USA"]
[SourceTitle "CBM 213 Extra"]
[Source "ChessBase"]
[SourceDate "2023.05.31"]
[SourceVersion "1"]
[SourceVersionDate "2023.05.31"]
[SourceQuality "1"]

1. d4 Nf6 2. c4 e6 3. Nc3 d5 4. cxd5 exd5 5. Bg5 c6 6. e3 Bd6 7. Bd3 h6 8. Bh4 0-0 9. Qc2 a5 10. Nf3 Re8 11. 0-0 Na6 12. a3 Bg4 13. Nd2 Bd7 14. Bh7+ Kh8 15. Bf5 Be6 16. Bg3 Bxg3 17. hxg3 Nc7 18. Na4 Bxf5 19. Qxf5 Nb5 20. Nc5 Nd6 21. Qf4 a4 22. Rac1 Qe7 23. Nd3 g5 24. Qf3 Nfe4 25. Rfd1 Ra5 1/2-1/2

[Event "Toronto Excelsior op"]
[Site "Toronto"]
[Date "2023.03.12"]
[Round "4"]
[White "Bora, Safal"]
[Black "Chiku Ratte, Olivier Kenta"]
[Result "1-0"]
[WhiteElo "2461"]
[BlackElo "2301"]
[PlyCount "139"]
[EventDate "2023.03.10"]
[EventType "swiss"]
[EventRounds "5"]
[EventCountry "CAN"]
[SourceTitle "CBM 213 Extra"]
[Source "ChessBase"]
[SourceDate "2023.05.31"]
[SourceVersion "1"]
[SourceVersionDate "2023.05.31"]
[SourceQuality "1"]

1. c4 c6 2. d4 d5 3. Nf3 Nf6 4. Qc2 g6 5. cxd5 cxd5 6. Bf4 Nc6 7. Nc3 Bg7 8. e3 0-0 9. Be2 Ne4 10. 0-0 Bg4 11. h3 Bxf3 12. Bxf3 Nxc3 13. Qxc3 Qd7 14. Rac1 Rfc8 15. Qb3 e6 16. Rc3 Na5 17. Qc2 Rxc3 18. Qxc3 Nc4 19. b3 Nd6 20. Qa5 Bf8 21. Rc1 Rc8 22. Rxc8 Nxc8 23. Be2 Bd6 24. Bg5 Bc7 25. Qc5 Bd6 26. Bb5 Qc7 27. Qxc7 Bxc7 28. Bd3 Kg7 29. f3 Nd6 30. g4 f6 31. Bh4 g5 32. Bg3 h6 33. Kf1 Ne8 34. Be1 Kf7 35. Ke2 Ke7 36. h4 Kf7 37. h5 Bd6 38. Bd2 Bc7 39. Bg6+ Ke7 40. f4 Nd6 41. Kd3 f5 42. fxg5 hxg5 43. h6 Kf6 44. h7 Kg7 45. gxf5 Nxf5 46. Bf7 g4 47. Bxe6 g3 48. Bxd5 Kxh7 49. Be4 Kg7 50. Bxb7 Nh4 51. Ke2 Kg6 52. Kf1 Kg5 53. Bb4 Kg4 54. Be7 Kh3 55. Bxh4 Kxh4 56. Bg2 Kg4 57. Ke2 Bb6 58. Kd3 Kf5 59. Bh3+ Kf6 60. e4 Kg5 61. Ke3 a5 62. e5 Kh4 63. Bg2 Kg4 64. Ke4 Kg5 65. d5 Kg6 66. d6 Kf7 67. Kd5 Be3 68. e6+ Ke8 69. e7 Bg5 70. Ke6 1-0

[Event "Saint Louis 1000 IM 01"]
[Site "Saint Louis"]
[Date "2023.01.29"]
[Round "8.2"]
[White "Espinosa, Pedro"]
[Black "Chiku Ratte, Olivier Kenta"]
[Result "1-0"]
[WhiteElo "2189"]
[BlackElo "2322"]
[PlyCount "119"]
[EventDate "2023.01.25"]
[EventType "schev"]
[EventRounds "9"]
[EventCountry "USA"]
[SourceTitle "CBM 212 Extra"]
[Source "ChessBase"]
[SourceDate "2023.03.31"]
[SourceVersion "1"]
[SourceVersionDate "2023.03.31"]
[SourceQuality "1"]
[WhiteTeam "Team B"]
[BlackTeam "Team D"]
[WhiteTeamCountry "USA"]
[BlackTeamCountry "USA"]

1. d4 Nf6 2. c4 c5 3. d5 b5 4. cxb5 a6 5. bxa6 Bxa6 6. Nc3 d6 7. Nf3 g6 8. e4 Bxf1 9. Kxf1 Bg7 10. g3 0-0 11. Kg2 Qb6 12. a4 Nbd7 13. Qe2 Qa6 14. Nb5 Ne8 15. Bg5 Ndf6 16. Rhe1 Qb7 17. b3 Nc7 18. Nxc7 Qxc7 19. Rad1 Qb7 20. Rd3 Ng4 21. h3 Ne5 22. Nxe5 Bxe5 23. Bf4 Bd4 24. Qf3 Qb4 25. Re2 Qb8 26. h4 Rc8 27. h5 Bf6 28. hxg6 hxg6 29. Rc2 Kg7 30. g4 Qb7 31. g5 Bd4 32. Qg4 e5 33. Be3 Qa6 34. Rc4 Rab8 35. Bxd4 cxd4 36. Qf3 Rh8 37. Rc6 Qa5 38. Rxd6 Rbf8 39. Rd1 Rh5 40. Qf6+ Kg8 41. Qxe5 Qc3 42. Qg3 Qc2 43. Qg4 Re8 44. Rc6 Qxb3 45. Rxd4 Qb2 46. Rd3 Re5 47. Rg3 Qa1 48. Qc8+ Kh7 49. Rc1 Qxa4 50. Qc4 Qa5 51. d6 Kg7 52. Qd4 Rh4 53. d7 Rhxe4 54. d8Q Rxd4 55. Qxd4 Qa8+ 56. Kg1 f6 57. gxf6+ Kxf6 58. Qd6+ Re6 59. Qf4+ Ke7 60. Rc7+ 1-0

[Event "Saint Louis 1000 IM 01"]
[Site "Saint Louis"]
[Date "2023.01.28"]
[Round "6.6"]
[White "Chiku Ratte, Olivier Kenta"]
[Black "Lee, Alice"]
[Result "1-0"]
[WhiteElo "2322"]
[BlackElo "2300"]
[PlyCount "70"]
[EventDate "2023.01.25"]
[EventType "schev"]
[EventRounds "9"]
[EventCountry "USA"]
[SourceTitle "CBM 212 Extra"]
[Source "ChessBase"]
[SourceDate "2023.03.31"]
[SourceVersion "1"]
[SourceVersionDate "2023.03.31"]
[SourceQuality "1"]
[WhiteTeam "Team D"]
[BlackTeam "Team C"]
[WhiteTeamCountry "USA"]
[BlackTeamCountry "USA"]

1. Nf3 d5 2. c4 c6 3. e3 Nf6 4. Nc3 e6 5. b3 Bd6 6. Bb2 Nbd7 7. Qc2 0-0 8. Rg1 dxc4 9. bxc4 e5 10. g4 Nc5 11. g5 Nfd7 12. 0-0-0 Qa5 13. d4 Na6 14. c5 Bc7 15. Nd2 exd4 16. exd4 Bf4 17. Qe4 Qc7 18. Bc4 b6 19. g6 Nf6 20. gxf7+ Kh8 21. Qg2 Bh6 22. Nce4 Nxe4 23. Qxe4 Nb4 24. d5 Qxf7 25. d6 Qf5 26. Rxg7 Bxg7 27. Bxg7+ Kxg7 28. Rg1+ Kh6 29. Qh4+ Qh5 30. Qd4 Nd3+ 31. Qxd3 Qe5 32. d7 Bxd7 33. Qxd7 Qc3+ 34. Kb1 Rad8 35. Qe7 Rf5 1-0

[Event "Saint Louis 1000 IM 01"]
[Site "Saint Louis"]
[Date "2023.01.26"]
[Round "3.6"]
[White "Chiku Ratte, Olivier Kenta"]
[Black "Eckert, Doug D"]
[Result "1-0"]
[WhiteElo "2322"]
[BlackElo "2133"]
[PlyCount "123"]
[EventDate "2023.01.25"]
[EventType "schev"]
[EventRounds "9"]
[EventCountry "USA"]
[SourceTitle "CBM 212 Extra"]
[Source "ChessBase"]
[SourceDate "2023.03.31"]
[SourceVersion "1"]
[SourceVersionDate "2023.03.31"]
[SourceQuality "1"]
[WhiteTeam "Team D"]
[BlackTeam "Team A"]
[WhiteTeamCountry "USA"]
[BlackTeamCountry "USA"]

1. Nf3 d5 2. d4 Nf6 3. c4 e6 4. g3 dxc4 5. Qa4+ Bd7 6. Qxc4 c5 7. dxc5 Qc7 8. Bf4 Qxc5 9. Qxc5 Bxc5 10. Nc3 Nc6 11. Bg2 0-0 12. 0-0 Rac8 13. Rac1 b6 14. a3 Rfd8 15. Ne1 Be7 16. Nd3 Nd4 17. Kh1 Bc6 18. Bxc6 Rxc6 19. e3 Nb3 20. Rcd1 Rcc8 21. Nb4 Nd2 22. Rfe1 a5 23. Nc2 Nfe4 24. Nxe4 Nxe4 25. Rxd8+ Bxd8 26. Re2 g5 27. f3 gxf4 28. fxe4 fxg3 29. hxg3 Bf6 30. Ne1 Rc4 31. Kg2 Rxe4 32. Kf3 Rc4 33. Nd3 Kg7 34. g4 e5 35. Nf2 Kg6 36. Rd2 Rc6 37. Ne4 Be7 38. Rd7 Re6 39. Ng3 Bc5 40. Rd8 Kf6 41. Nf5 h5 42. Rh8 hxg4+ 43. Kxg4 e4 44. Kf4 Bd6+ 45. Nxd6 Rxd6 46. Kxe4 Ke7 47. Rb8 Ke6 48. b4 axb4 49. axb4 Ke7 50. Rb7+ Ke6 51. b5 Kf6 52. Kf4 Re6 53. e4 Kg6 54. Rc7 f6 55. Rb7 Rd6 56. Re7 f5 57. exf5+ Kf6 58. Re4 Kf7 59. Ke5 Rd1 60. Rd4 Re1+ 61. Kd6 Rc1 62. Rd5 1-0

[Event "Montreal Pere Noel op"]
[Site "Montreal"]
[Date "2022.12.29"]
[Round "4"]
[White "Saha, Ananda"]
[Black "Chiku Ratte, Olivier Kenta"]
[Result "0-1"]
[WhiteElo "2062"]
[BlackElo "2338"]
[PlyCount "82"]
[EventDate "2022.12.27"]
[EventType "swiss"]
[EventRounds "5"]
[EventCountry "CAN"]
[SourceTitle "CBM 211 Extra"]
[Source "ChessBase"]
[SourceDate "2023.01.31"]
[SourceVersion "1"]
[SourceVersionDate "2023.01.31"]
[SourceQuality "1"]

1. e4 g6 2. d4 Bg7 3. Nf3 d6 4. Be2 Nf6 5. Nc3 0-0 6. h3 c5 7. Be3 cxd4 8. Nxd4 a6 9. a4 b6 10. 0-0 Bb7 11. Bf3 Nbd7 12. a5 b5 13. Nd5 Ne5 14. Nb3 Rc8 15. Bb6 Qe8 16. c3 Nxf3+ 17. Qxf3 Nxd5 18. exd5 e6 19. Qe3 Bxd5 20. Nd4 Bb7 21. Rad1 Qe7 22. Rfe1 Rfe8 23. Nc2 Rc4 24. Nb4 Rec8 25. Bd4 e5 26. Bb6 Re4 27. Qd2 Rxe1+ 28. Rxe1 Qe6 29. Rd1 Bf8 30. Be3 f6 31. Bh6 Be7 32. Qe3 g5 33. f4 gxf4 34. Bxf4 Kf7 35. Bg3 Rg8 36. Kh2 f5 37. Qb6 Be4 38. Rd2 Qg6 39. Be1 Bxg2 40. Qa7 Qg5 41. Nd3 Bxh3 0-1